| 000 | 00618nam a2200169 a 4500 | ||
|---|---|---|---|
| 008 | 100930s2004 ||||||||||||||||| || u | ||
| 020 | _a8122415075 | ||
| 050 | _aQH 541.15.M64 KHO | ||
| 100 | _aKhopkar, S. M | ||
| 245 | 1 | 0 | _aEnvironmental pollution: monitoring and control |
| 260 |
_aNew Delhi: _bNew Age International _c2004 |
||
| 300 | _avii, 484p.: ill | ||
| 350 | _a0.00 | ||
| 650 | 0 | _aENVIRONMENTAL MONITORING | |
| 650 | _aECOLOGY | ||
| 995 |
_D0.00 _FCBU-MAIN LIBRARY (Kitwe) _H1 _I0.00 _M1 _UAVAILABLE _WOct 7, 2010 _ZMain Library Open Access Collection |
||
| 999 |
_c42272 _d42272 |
||